000 00339nam a2200133 4500
999 _c3921
_d3921
008 200707b ||||| |||| 00| 0 eng d
082 0 0 _a652.3
_bB9671
100 _93236
_aBurus, M.
245 1 0 _aWord processing /
_cby M. Burus
260 _aNew York
_bScholastic Inc
_c1984
300 _a79 p.
650 0 _aWord Processing
942 _2ddc
_cBK